LEADER 01006nam0-2200313 --450 001 9910272159403321 005 20200921092046.0 010 $a978-88-7115-989-8 100 $a20180618d2017----kmuy0itay5050 ba 101 0 $aita 102 $aIT 105 $aa 001yy 200 1 $aManuale di coltivazione pratica e poetica$eper la cura dei luoghi storici e archeologici nel Mediterraneo$fLuigi Latini, Tessa Matteini 210 $aPadova$cIl poligrafo$d2017 215 $a309 p.$cill.$d21 cm 225 1 $aBiblioteca di architettura$v16 300 $aIn copertina: IUAV 676 $a712.091822$v23$zita 700 1$aLatini,$bLuigi$f<1956- >$0750269 701 1$aMatteini,$bTessa$0511011 801 0$aIT$bUNINA$gREICAT$2UNIMARC 901 $aBK 912 $a9910272159403321 952 $aARCH B 2971$b199/2018$fFARBC 952 $a60 712.091 LATL 2017$b406/2020$fFAGBC 959 $aFARBC 959 $aFAGBC 996 $aManuale di coltivazione pratica e poetica$91509671 997 $aUNINA LEADER 01445nam 2200325 n 450 001 996387887003316 005 20221108040909.0 035 $a(CKB)1000000000630577 035 $a(EEBO)2240857239 035 $a(UnM)99850601 035 $a(EXLCZ)991000000000630577 100 $a19920310d1586 uh | 101 0 $aeng 135 $aurbn||||a|bb| 200 10$aBy the Queene. A true copie of the proclamation lately published by the Queenes Maiestie, vnder the great seale of England, for the declaring of the sentence, lately giuen against the Queene of Scottes, in fourme as followeth$b[electronic resource] 210 $a[Imprinted at London $cBy Christopher Barker, printer to the Queenes most excellent Maiestie$d[1586]] 215 $a3 leaves 300 $aImprint from colophon; publication date from STC. 300 $aReproduction of the original in the Bodleian Library. 330 $aeebo-0014 607 $aEngland$xProclamations$vEarly works to 1800 701 $aElizabeth$cQueen of England,$f1533-1603.$0996842 801 0$bCu-RivES 801 1$bCu-RivES 801 2$bCStRLIN 801 2$bWaOLN 906 $aBOOK 912 $a996387887003316 996 $aBy the Queene. A true copie of the proclamation lately published by the Queenes Maiestie, vnder the great seale of England, for the declaring of the sentence, lately giuen against the Queene of Scottes, in fourme as followeth$92330163 997 $aUNISA LEADER 01729nam 2200397 a 450 001 9910703101703321 005 20110824161922.0 035 $a(CKB)3460000000108978 035 $a(OCoLC)742655423 035 $a(EXLCZ)993460000000108978 100 $a20110726d2011 ua 0 101 0 $aeng 135 $aurbn||||a|||| 181 $ctxt$2rdacontent 182 $cc$2rdamedia 183 $acr$2rdacarrier 200 10$aFederal information security$b[electronic resource] $ecurrent challenges and future policy considerations : hearing before the Subcommittee on Government Management, Organization, and Procurement of the Committee on Oversight and Government Reform, House of Representatives, One Hundred Eleventh Congress, second session, March 24, 2010 210 1$aWashington :$cU.S. G.P.O.,$d2011. 215 $a1 online resource (iii, 106 pages) $cillustrations 300 $aTitle from title screen (viewed on July 26, 2011). 300 $aPaper version available for sale by the Supt. of Docs., U.S. G.P.O. 300 $a"Serial no. 111-145." 320 $aIncludes bibliographical references. 517 $aFederal information security 606 $aElectronic government information$xAccess control$zUnited States 606 $aDatabase security$xGovernment policy$zUnited States 606 $aAdministrative agencies$xInformation technology$zUnited States 615 0$aElectronic government information$xAccess control 615 0$aDatabase security$xGovernment policy 615 0$aAdministrative agencies$xInformation technology 801 0$bGPO 801 1$bGPO 906 $aBOOK 912 $a9910703101703321 996 $aFederal information security$92884907 997 $aUNINA LEADER 03470oam 22005294a 450 001 9910251396303321 005 20241002201644.0 010 $a1-947447-41-6 024 7 $a10.21983/P3.0192.1.00 035 $a(CKB)4100000001587806 035 $a(OAPEN)1004658 035 $a(OCoLC)1111353322 035 $a(MdBmJHUP)muse77034 035 $a(oapen)https://directory.doabooks.org/handle/20.500.12854/32293 035 $a(oapen)doab32293 035 $a(EXLCZ)994100000001587806 100 $a20171201d2017 uy 0 101 0 $aeng 135 $aurmu#---auuuu 181 $ctxt$2rdacontent 182 $cc$2rdamedia 183 $acr$2rdacarrier 200 10$aCentaurs, Rioting in Thessaly: Memory and the Classical World$fMartyn Hudson 205 $a1st edition. 210 $aBrooklyn, NY$cpunctum books$d2018 210 1$aSanta Barbara, CA :$cPunctum Books,$d2017. 210 4$dİ2017. 215 $a1 online resource (xviii, 98 pages) $cillustrations; PDF, digital file(s) 311 08$aPrint version: 9781947447400 320 $aIncludes bibliographical references. 327 $aIntroduction: Centaurs, rioting at Thessaly -- Never never lands -- Looking for centaurs -- Surveying the labyrinth -- Daedalus and his machines -- Ghosts, reading, and repetition -- Conclusion: Centaurs, human and non-human. 330 $aThis book treads new paths through the labyrinths of our human thought. It meanders through the darkness to encounter the monsters at the heart of the maze: Minotaurs, Centaurs, Automata, Makers, Humans. One part of our human thought emerges from classical Ionia and Greek civilisation more generally. We obsessively return to that thought, tread again its pathways, re-enact its stories, repeat its motifs and gestures. We return time and time again to construct and re-construct the beings which were part of its cosmology and mythology ? stories enacted from a classical world which is itself at once imaginary and material. The ?Never Never Lands? of the ancient world contain fabulous beasts and humans and landscapes of desire and violence. We encounter the rioting Centaurs there and never again cease to conjure them up time and time again through our history. The Centaur mythologies display a fascination with animals and what binds and divides human beings from them. The Centaur hints ultimately at the idea of the genesis of civilisation itself. The Labyrinth, constructed by Daedalus, is itself a prison and a way of thinking about making, designing, and human aspiration. Designed by humans it offers mysteries that would be repeated time and time again ? a motif which is replicated through human history. Daedalus himself is an archetype for creation and mastery, the designer of artefacts and machines which would be the beginning of forays into the total domination of nature. Centaurs, Labyrinths, Automata offer clues to the origins and ultimately the futures of humanity and what might come after it. 606 $aAncient Greek religion & mythology$2bicssc 610 $aclassical literature 610 $aancient history 610 $amonsters 610 $amythology 610 $acentaurs 615 7$aAncient Greek religion & mythology 676 $a292.13 700 $aHudson$b Martyn$0959648 801 0$bMdBmJHUP 801 1$bMdBmJHUP 906 $aBOOK 912 $a9910251396303321 996 $aCentaurs, rioting in Thessaly$92174812 997 $aUNINA